| 000 | 00691nam a22002055i 4500 | ||
|---|---|---|---|
| 001 | 183305 | ||
| 003 | ES-MaACL | ||
| 005 | 20250716062634.0 | ||
| 008 | 140225q18901910fr |||| | fre d | ||
| 100 | 1 |
_aHugo, Victor, _d1802-1885 _964627 |
|
| 245 | 1 | 3 |
_aLe Rhin / _cVictor Hugo. |
| 260 |
_aParis : _bJ. Hetzel, _c[s.a.] |
||
| 300 |
_a3 vol. ; _c18 cm. |
||
| 490 | 1 | _aOeuvres complètes de Victor Hugo. En voyage | |
| 596 | _aProbablemente impreso en la última década del siglo XIX o primera del XX. | ||
| 651 | 4 |
_aRin (Valle)- _xDescripción. _9154431 |
|
| 830 | 0 |
_aOeuvres complètes de Victor Hugo. En voyage _9224966 |
|
| 852 |
_aES-MaACL _jG-3135-37 |
||
| 999 |
_c183305 _d183305 |
||